000 00344nas a2200157 a 4500
001 75909
003 150878
005 20201118111326.0
008 ||||||n9999 ||| || ||
245 0 _aTime - Vol.155 No.15
260 _aEstados Unidos :
562 _e1
773 _021966
_aTime
942 _cSISS
999 _c75909
_d75909